24 Busiest Air Routes from Dubai on a Map - Statistics

General Stats
  • This quiz has been taken 7,627 times
  • The average score is 22 of 24
Answers on the Map
Answers color-coded by a green-red scale on the quiz's map according to % correct below.
 
Answer Stats
Passengers Destination % Correct
2,434,838 London
100%
633,237 New York
99%
853,082 Paris
99%
643,721 Rome
98%
613,166 Sydney
98%
816,297 Delhi
97%
671,883 Milan
95%
1,062,779 Mumbai
95%
1,372,407 Bangkok
94%
669,350 Jakarta
94%
620,557 Frankfurt
93%
730,539 Johannesburg
93%
780,532 Manila
93%
767,217 Singapore
93%
787,638 Manchester
92%
626,519 Munich
92%
650,887 Tehran
91%
747,650 Doha
89%
760,390 Kuala Lumpur
89%
598,268 Riyadh
88%
968,315 Kuwait City
87%
983,958 Karachi
80%
897,519 Jeddah
75%
617,549 Mauritius
68%
No matching quizzes found
Score Distribution
Percent of People with Each Score
Percentile by Number Answered
Your Score History
You have not taken this quiz